Normal view MARC view

Entry Personal Name

Number of records used in: 1

001 - CONTROL NUMBER

  • control field: 158400

003 - CONTROL NUMBER IDENTIFIER

  • control field: OSt

005 - DATE AND TIME OF LATEST TRANSACTION

  • control field: 20220923211120.0

008 - FIXED-LENGTH DATA ELEMENTS

  • fixed length control field: 220923|| aca||aabn | a|a d

040 ## - CATALOGING SOURCE

  • Original cataloging agency: OSt
  • Transcribing agency: OSt

100 ## - HEADING--PERSONAL NAME

  • Personal name: धवन, मधु; सुब्रह्मण्यन, जयलक्ष्मी, संपा

670 ## - SOURCE DATA FOUND

  • Source citation: Work cat.: (OSt)295493: धवन, मधु; सुब्रह्मण्यन, जयलक्ष्मी, संपा., हिन्दी साहित्य का संक्षिप्त इतिहास, 2006
Copyright @ Delhi University Library System